[Event "4NCL/Div2/BAR2-GUI2"]
[Site "Rd1-Birmingham"]
[Date "1999.10.09"]
[Round "1.7"]
[White "D'Costa, Lorin"]
[Black "Punnett, Alan"]
[Result "1/2-1/2"]
[WhiteElo "2215"]
[BlackElo "2149"]
[PlyCount "83"]
[EventDate "1999.10.09"]

1. d4 d5 2. Bg5 c6 3. Nf3 Qb6 4. Qc1 h6 5. Bh4 Bf5 6. e3 Nd7 7. c4 e6 8. Nc3
Ngf6 9. Be2 Ne4 10. O-O g5 11. Bg3 Nxg3 12. hxg3 Bg7 13. cxd5 exd5 14. a3 O-O
15. b4 Rac8 16. Qb2 Qc7 17. Rfc1 Qd6 18. a4 Rfe8 19. a5 Bf8 20. b5 Bg6 21. a6
Rb8 22. Qa2 cxb5 23. Nxb5 Qxa6 24. Qxd5 Qe6 25. Qxe6 Rxe6 26. Rxa7 Rb6 27. Rc7
Nf6 28. Ne5 Nd5 29. Rc1 Bf5 30. e4 Bxe4 31. Nd7 Rd8 32. Nxb6 Nxb6 33. Bf3 Bxf3
34. gxf3 Rd5 35. Rb1 Nc4 36. Rxb7 Nd2 37. Rd1 Nxf3+ 38. Kg2 g4 39. Rc1 Nxd4 40.
Nxd4 Rxd4 41. Rcc7 f5 42. Rc8 1/2-1/2

[Event "4NCL/Div2/BAR2-GUI2"]
[Site "Rd1-Birmingham"]
[Date "1999.10.09"]
[Round "1.8"]
[White "Goodwin, Lydia"]
[Black "Kieran, Rosalind"]
[Result "0-1"]
[WhiteElo "1688"]
[BlackElo "2079"]
[PlyCount "82"]
[EventDate "1999.10.09"]

1. e4 c5 2. Nf3 d6 3. d4 cxd4 4. Nxd4 Nf6 5. Nc3 g6 6. Be2 Bg7 7. O-O O-O 8.
Kh1 Nc6 9. Be3 Bd7 10. Qd2 Rc8 11. f4 Na5 12. b3 a6 13. Bf3 b5 14. a3 Nc6 15.
Nce2 Qc7 16. Rac1 e5 17. Nxc6 Bxc6 18. c4 Qb7 19. Qxd6 Rfd8 20. Qb4 Bxe4 21.
fxe5 Bxf3 22. Rxf3 Ng4 23. Bg5 Nxe5 24. Bxd8 Nxf3 25. Rd1 Nd4 26. Nxd4 Rxd8 27.
Qa5 Rd6 28. cxb5 axb5 29. Qb4 Qd7 30. h3 Rxd4 31. Rxd4 Bxd4 32. Qd2 Qa7 33. Qb4
Qc5 34. Qd2 Qc3 35. Qd1 Be5 36. Qd8+ Kg7 37. Qd1 Qg3 38. Kg1 Qe3+ 39. Kh1 h5
40. a4 bxa4 41. bxa4 Bc3 0-1

[Event "4NCL/Div2/BIG2-SWD"]
[Site "Rd1-Birmingham"]
[Date "1999.10.09"]
[Round "1.1"]
[White "Mason, Don"]
[Black "Cobb, James"]
[Result "0-1"]
[WhiteElo "2284"]
[BlackElo "2349"]
[PlyCount "94"]
[EventDate "1999.10.09"]
[Source "Britbase"]
[SourceDate "2000.01.01"]

1. e4 e6 2. d4 d5 3. Nd2 a6 4. Ngf3 c5 5. exd5 exd5 6. Be2 Nf6 7. O-O Nc6 8.
Re1 Be6 9. dxc5 Bxc5 10. Nb3 Bb6 11. Nbd4 O-O 12. Bg5 h6 13. Bh4 g5 14. Bg3 Ne4
15. c3 g4 16. Nxc6 bxc6 17. Nd4 h5 18. Bd3 Nxg3 19. hxg3 Qf6 20. Bc2 Kg7 21.
Qd3 Rh8 22. Qe3 Rab8 23. b3 Bd7 24. Qe5 Rhe8 25. Qxf6+ Kxf6 26. b4 a5 27. a3
Rxe1+ 28. Rxe1 axb4 29. axb4 Ra8 30. Ne2 Ra2 31. Bb3 Rb2 32. Ba4 h4 33. Kf1
hxg3 34. fxg3 Ra2 35. Bb3 Ra3 36. Bd1 Bf5 37. Nd4 Bxd4 38. cxd4 Rxg3 39. Ba4
Rc3 40. Kf2 g3+ 41. Kg1 Be4 42. Kf1 Bd3+ 43. Kg1 Rc4 44. Rd1 Be4 45. Kf1 Rxb4
46. Bxc6 Rb2 47. Be8 Rf2+ 0-1

[Event "4NCL/Div2/BIG2-SWD"]
[Site "Rd1-Birmingham"]
[Date "1999.10.09"]
[Round "1.2"]
[White "Cooper, John G"]
[Black "Wheeler, Darren"]
[Result "1-0"]
[WhiteElo "2344"]
[BlackElo "2224"]
[PlyCount "97"]
[EventDate "1999.10.09"]
[Source "Britbase"]
[SourceDate "2000.01.01"]

1. d4 e6 2. Nf3 d5 3. c4 Nf6 4. Nc3 c5 5. cxd5 exd5 6. Bg5 Be6 7. e3 Nc6 8. Be2
h6 9. Bxf6 Qxf6 10. O-O O-O-O 11. Rc1 Kb8 12. Bb5 cxd4 13. Bxc6 dxc3 14. Qb3 b6
15. Nd4 Bc5 16. Qxc3 Bxd4 17. exd4 Qf4 18. a4 Qd6 19. a5 Rc8 20. axb6 axb6 21.
b4 Bd7 22. b5 Rc7 23. Rc2 Rhc8 24. Rfc1 f5 25. h3 g5 26. Qe3 Bxc6 27. bxc6 Rxc6
28. Rxc6 Rxc6 29. Qe8+ Kb7 30. Ra1 Rc8 31. Qf7+ Rc7 32. Qxf5 b5 33. Qb1 Qb6 34.
Qa2 Kc6 35. Qa8+ Qb7 36. Qe8+ Kb6 37. Qf8 Rc8 38. Qxh6+ Qc6 39. Qxg5 b4 40. Qe7
Kb5 41. Qa7 Qe6 42. Qa4+ Kc4 43. Rc1+ Kxd4 44. Qxb4+ Rc4 45. Rd1+ Ke5 46. Qxc4
dxc4 47. Re1+ Kd5 48. Rxe6 Kxe6 49. Kf1 1-0

[Event "4NCL/Div2/BIG2-SWD"]
[Site "Rd1-Birmingham"]
[Date "1999.10.09"]
[Round "1.3"]
[White "Thomas, Nick"]
[Black "James, David J"]
[Result "1/2-1/2"]
[WhiteElo "2215"]
[BlackElo "2252"]
[PlyCount "36"]
[EventDate "1999.10.09"]
[Source "Britbase"]
[SourceDate "2000.01.01"]

1. e4 c5 2. Nc3 d6 3. g3 Nc6 4. Bg2 g6 5. d3 Bg7 6. f4 e6 7. Nf3 Nge7 8. O-O
O-O 9. Be3 Nd4 10. Bf2 Rb8 11. g4 f5 12. gxf5 gxf5 13. Nxd4 cxd4 14. Ne2 e5 15.
Bh4 Qe8 16. fxe5 dxe5 17. Bxe7 Qxe7 18. exf5 Bxf5 1/2-1/2

[Event "4NCL/Div2/BIG2-SWD"]
[Site "Rd1-Birmingham"]
[Date "1999.10.09"]
[Round "1.4"]
[White "Saunders, John"]
[Black "Hadzimanolis, Antonios"]
[Result "1/2-1/2"]
[WhiteElo "2200"]
[BlackElo "2198"]
[PlyCount "108"]
[EventDate "1999.10.09"]
[Source "Britbase"]
[SourceDate "2000.01.01"]

1. e4 e5 2. Nf3 Nc6 3. c3 Nf6 4. d4 d5 5. Bb5 exd4 6. e5 Ne4 7. cxd4 Bd7 8. Ba4
Bb4+ 9. Nbd2 O-O 10. O-O Bxd2 11. Nxd2 Nxd2 12. Bxd2 Nxd4 13. Bxd7 Qxd7 14. Bb4
Ne6 15. Bxf8 Rxf8 16. f4 f5 17. Rc1 c5 18. a4 b6 19. b3 a6 20. Qf3 b5 21. axb5
axb5 22. Rfd1 Rd8 23. g3 g6 24. Qe3 Qc6 25. Qf3 {(Draw offer)} c4 26. bxc4 bxc4
27. Kg2 Qc5 28. Qc3 Rc8 29. Qf3 d4 30. Ra1 c3 31. Qd3 c2 32. Rdc1 Qd5+ 33. Kg1
Rc3 34. Qd2 Qc5 35. Ra8+ Kg7 36. Ra2 d3+ 37. Kg2 Qd5+ 38. Kh3 Rc5 39. Ra3 g5
40. Rxd3 g4+ 41. Kh4 Qa8 42. Rd7+ Kh6 43. Qd6 Qe8 44. Qxe6+ Qxe6 45. Rd6 Qg6
46. h3 gxh3 47. Kxh3 Kh5 48. Rxg6 Kxg6 49. Kg2 h5 50. Kf2 {(Draw offer)} Rc3
51. Kg2 Kf7 52. Kh3 Ke6 53. Kh4 Kd5 54. Kxh5 Rxg3 1/2-1/2

[Event "4NCL/Div2/BIG2-SWD"]
[Site "Rd1-Birmingham"]
[Date "1999.10.09"]
[Round "1.6"]
[White "Binks, Michael"]
[Black "Evans, Raymond"]
[Result "0-1"]
[WhiteElo "2118"]
[BlackElo "2176"]
[PlyCount "138"]
[EventDate "1999.10.09"]
[Source "Britbase"]
[SourceDate "2000.01.01"]

1. d4 Nf6 2. c4 g6 3. Nf3 Bg7 4. Nc3 O-O 5. e3 d6 6. Bd3 Nbd7 7. O-O e5 8. Qc2
Re8 9. Bd2 c6 10. b4 Qe7 11. dxe5 dxe5 12. e4 Nf8 13. c5 Bg4 14. Ne1 a5 15. Na4
axb4 16. Rb1 Ne6 17. Rxb4 Nd4 18. Qb2 Nd7 19. f3 Be6 20. Be3 Nxc5 21. Nxc5 Qxc5
22. a3 Qa5 23. Rxb7 Qxa3 24. Qxa3 Rxa3 25. Rc7 Rc8 26. Rxc8+ Bxc8 27. Rf2 Be6
28. Rb2 Rb3 29. Ra2 Rb8 30. Ra7 c5 31. Ba6 h5 32. Rc7 Bf8 33. Nd3 Bd6 34. Rb7
Ra8 35. Bxd4 exd4 36. Rb6 Bf8 37. Nf4 Ba2 38. Rc6 Rb8 39. Nd3 Ra8 40. Kf2 Bb1
41. Ke2 Ba2 42. Kd2 Bb3 43. Ne5 Ba4 44. Rb6 Bh6+ 45. Ke1 Bf4 46. Nc6 Bc7 47.
Bb7 Bxb6 48. Bxa8 c4 49. Ne5 Ba5+ 50. Ke2 Bb5 51. Bc6 d3+ 52. Kd1 Ba6 53. Bd5
c3 54. Bxf7+ Kg7 55. Bb3 c2+ 56. Kc1 Bc7 57. Nxd3 Bxd3 58. Bxc2 Bf4+ 59. Kd1
Bxc2+ 60. Kxc2 Bxh2 61. Kd3 Kf6 62. Kd4 Bf4 63. Kd5 h4 64. Kd4 Bg3 65. Kd5 Be5
66. Kc4 Kg5 67. Kd3 Kf4 68. Ke2 Kg3 69. Kf1 Bd4 0-1

[Event "4NCL/Div2/BIG2-SWD"]
[Site "Rd1-Birmingham"]
[Date "1999.10.09"]
[Round "1.7"]
[White "Bourne, James"]
[Black "Cast, Abigail"]
[Result "1/2-1/2"]
[WhiteElo "2105"]
[BlackElo "2119"]
[PlyCount "117"]
[EventDate "1999.10.09"]
[Source "Britbase"]
[SourceDate "2000.01.01"]

1. d4 d5 2. c4 c6 3. Nc3 Nf6 4. Nf3 e6 5. Bg5 Be7 6. e3 O-O 7. Qc2 Nbd7 8. Be2
Re8 9. O-O h6 10. Bh4 b6 11. Rac1 Bb7 12. Rfd1 Rc8 13. cxd5 exd5 14. Bd3 Ne4
15. Bxe7 Qxe7 16. Bxe4 dxe4 17. Nd2 Nf6 18. Nc4 Ba6 19. Qa4 Bxc4 20. Qxc4 Qd6
21. h3 Nd5 22. Nxd5 Qxd5 23. Rd2 Qf5 24. Qa4 Qd7 25. Rdc2 Re6 26. b4 Kh7 27.
Qb3 Rg6 28. Kh1 Qe7 29. Qc4 Qg5 30. Qf1 Qd5 31. b5 c5 32. dxc5 Rxc5 33. Rxc5
bxc5 34. Qc4 Qg5 35. Qxe4 c4 36. a4 Qf6 37. Rc2 Qa1+ 38. Kh2 Qxa4 39. Qxc4 Qxc4
40. Rxc4 Rb6 41. Rc7 Kg6 42. Rxa7 Rxb5 43. g4 Rb2 44. Kg3 Rb3 45. Ra5 Kf6 46.
Rf5+ Ke6 47. h4 g6 48. Ra5 Kf6 49. Ra6+ Kg7 50. Rd6 Ra3 51. h5 gxh5 52. gxh5
Ra5 53. Kh4 Ra2 54. f4 Ra3 55. f5 Rxe3 56. f6+ Kh7 57. Rd7 Rf3 58. Rxf7+ Kg8
59. Rg7+ 1/2-1/2

[Event "4NCL/Div2/BIG2-SWD"]
[Site "Rd1-Birmingham"]
[Date "1999.10.09"]
[Round "1.8"]
[White "Cast, Jason"]
[Black "Howard, Marieanne"]
[Result "1-0"]
[WhiteElo "1848"]
[BlackElo "1536"]
[PlyCount "65"]
[EventDate "1999.10.09"]
[Source "Britbase"]
[SourceDate "2000.01.01"]

1. e4 e6 2. d4 d5 3. Nc3 Bb4 4. e5 c5 5. a3 Ba5 6. b4 cxb4 7. Nb5 bxa3+ 8. c3
Bc7 9. Bxa3 Ne7 10. Nf3 a6 11. Bd6 Bb6 12. Bxb8 Rxb8 13. Nd6+ Kd7 14. Nxf7 Qc7
15. Qa4+ Nc6 16. Nxh8 Ke8 17. Bd3 Bd7 18. Qa3 Ba5 19. Bxh7 Kd8 20. Nf7+ Ke8 21.
Nd6+ Kd8 22. O-O b5 23. Ng5 b4 24. cxb4 Bxb4 25. Qf3 Qb6 26. Rfc1 Qxd4 27. Qf8+
Kc7 28. Qxg7 Kd8 29. Qg8+ Kc7 30. Rxc6+ Kxc6 31. Rc1+ Kb6 32. Qxb8+ Ka5 33.
Qd8+ 1-0

[Event "4NCL/Div2/BRI2-TWR"]
[Site "Rd1-Birmingham"]
[Date "1999.10.09"]
[Round "1.1"]
[White "Rudd, Jack"]
[Black "Waters, Clive"]
[Result "1/2-1/2"]
[WhiteElo "2185"]
[BlackElo "2158"]
[PlyCount "111"]
[EventDate "1999.10.09"]

1. e4 e6 2. d4 d5 3. Nd2 Nf6 4. e5 Nfd7 5. Bd3 c5 6. c3 Nc6 7. Ne2 cxd4 8. cxd4
f6 9. exf6 Qxf6 10. Nf3 h6 11. O-O Bd6 12. b3 O-O 13. Bb2 Rd8 14. Re1 Nf8 15.
Ng3 Bd7 16. Ne5 Bxe5 17. dxe5 Qh4 18. Rf1 Be8 19. f4 Bg6 20. f5 exf5 21. Nxf5
Bxf5 22. Bxf5 Qe7 23. Qh5 Re8 24. e6 d4 25. Rae1 Red8 26. Re4 Qe8 27. Qg4 Qe7
28. h4 Rd5 29. Bc1 Kh8 30. Bg6 Ne5 31. Rxe5 Rxe5 32. Bf7 Nh7 33. Bf4 Rd5 34.
Rc1 d3 35. Rc7 Qf6 36. e7 Rf5 37. Rd7 Nf8 38. Rd8 Rxd8 39. exd8=Q Qxd8 40. Qxf5
d2 41. Bh5 d1=Q+ 42. Bxd1 Qxd1+ 43. Kf2 Qd8 44. h5 Nd7 45. Be3 Nf6 46. Ke2 a6
47. g4 Qe8 48. Kd3 Qc6 49. Bd4 Qd6 50. Qc8+ Kh7 51. Qxb7 Qg3+ 52. Kc2 Qxg4 53.
Bxf6 Qf5+ 54. Kd2 Qxf6 55. Qe4+ Kg8 56. Qe8+ 1/2-1/2

[Event "4NCL/Div2/BRI2-TWR"]
[Site "Rd1-Birmingham"]
[Date "1999.10.09"]
[Round "1.2"]
[White "Jobe, Mopati"]
[Black "Hanley, Craig"]
[Result "0-1"]
[WhiteElo "2180"]
[BlackElo "2178"]
[PlyCount "126"]
[EventDate "1999.10.09"]

1. d4 d5 2. c4 e6 3. Nc3 Nf6 4. Nf3 Be7 5. Bf4 O-O 6. e3 a6 7. Be2 dxc4 8. Bxc4
b5 9. Bd3 Bb7 10. O-O Nbd7 11. Rc1 c5 12. Bb1 Rc8 13. a3 cxd4 14. exd4 Nb6 15.
Ne5 Nbd5 16. Ne2 Nxf4 17. Nxf4 Rxc1 18. Qxc1 Qxd4 19. Qc7 Bd6 20. Qxb7 Qxe5 21.
g3 Qxb2 22. Qxa6 Bxf4 23. gxf4 Nd5 24. Qd6 Qe2 25. Rc1 g6 26. f5 Qg4+ 27. Qg3
Qxg3+ 28. hxg3 gxf5 29. Rc5 b4 30. axb4 Nxb4 31. Rb5 Nc6 32. Rc5 Ne7 33. Kg2
Rd8 34. Kf3 Rd2 35. Rc7 Nd5 36. Rb7 Kg7 37. Rb3 Kf6 38. Bd3 e5 39. Bc4 e4+ 40.
Kg2 Rd4 41. Ba6 Rb4 42. Ra3 Ke5 43. Ra5 Kd4 44. Bc8 Rb2 45. Kg1 Rb1+ 46. Kh2
Rb2 47. Kg1 e3 48. fxe3+ Nxe3 49. Bxf5 Rg2+ 50. Kh1 Rxg3 51. Bd7 Nd5 52. Bc6
Rg5 53. Be8 f5 54. Ra4+ Ke3 55. Rh4 f4 56. Rxh7 f3 57. Bb5 Nf4 58. Ba6 Ne2 59.
Bxe2 fxe2 60. Re7+ Kf2 61. Rf7+ Ke1 62. Re7 Rd5 63. Kg2 Kd2 0-1

[Event "4NCL/Div2/BRI2-TWR"]
[Site "Rd1-Birmingham"]
[Date "1999.10.09"]
[Round "1.3"]
[White "Easton, Alex"]
[Black "White, Mark"]
[Result "1/2-1/2"]
[WhiteElo "2165"]
[BlackElo "2144"]
[PlyCount "63"]
[EventDate "1999.10.09"]

1. Nf3 Nf6 2. c4 e6 3. Nc3 Bb4 4. Qc2 O-O 5. a3 Bxc3 6. Qxc3 b6 7. b4 Ne4 8.
Qc2 f5 9. Bb2 Bb7 10. e3 Qe8 11. d3 Nf6 12. Be2 d6 13. O-O Nbd7 14. d4 Ne4 15.
Nd2 Qg6 16. f3 Nxd2 17. Qxd2 Rae8 18. c5 Nf6 19. c6 Bc8 20. Bc4 Kh8 21. Rae1
Nh5 22. e4 fxe4 23. Rxe4 Rxf3 24. Rxf3 Qxe4 25. Qg5 Nf6 26. Bd3 Qd5 27. Qh4 Re7
28. Bxh7 Qh5 29. Qxh5 Nxh5 30. Bg6 Nf6 31. Re3 Ba6 32. a4 1/2-1/2

[Event "4NCL/Div2/BRI2-TWR"]
[Site "Rd1-Birmingham"]
[Date "1999.10.09"]
[Round "1.4"]
[White "Mogasha, Chilipi"]
[Black "Dilleigh, Stephen"]
[Result "0-1"]
[WhiteElo "2200"]
[BlackElo "2186"]
[PlyCount "66"]
[EventDate "1999.10.09"]

1. e4 e5 2. Nf3 Nf6 3. Nc3 Nc6 4. Bc4 Nxe4 5. Bxf7+ Kxf7 6. Nxe4 d5 7. Neg5+
Kg8 8. d3 h6 9. Nh3 Bg4 10. Nhg1 Be7 11. h3 Be6 12. Nxe5 Nxe5 13. Qe2 Qd6 14.
Bf4 Qb4+ 15. Bd2 Qxb2 16. Rd1 Bf6 17. f4 Nxd3+ 18. Qxd3 Re8 19. Ne2 Qxa2 20.
O-O Qc4 21. Qf3 Qe4 22. Qf2 Bf7 23. Rfe1 Qc4 24. c3 Kh7 25. g4 Rhf8 26. g5 Be7
27. Qg3 Bh5 28. gxh6 gxh6 29. Qf2 Bc5 30. Nd4 Rg8+ 31. Kh2 Bxd1 32. Rxe8 Rxe8
33. Qh4 Bxd4 0-1

[Event "4NCL/Div2/BRI2-TWR"]
[Site "Rd1-Birmingham"]
[Date "1999.10.09"]
[Round "1.6"]
[White "Jones, Gawain"]
[Black "Grossett, Duncan"]
[Result "1-0"]
[WhiteElo "1928"]
[BlackElo "2080"]
[PlyCount "87"]
[EventDate "1999.10.09"]

1. e4 g6 2. d4 Bg7 3. Nf3 d6 4. Nc3 c6 5. Be3 Nd7 6. Qd2 Qc7 7. a4 e5 8. Bc4
Ngf6 9. dxe5 dxe5 10. Bh6 O-O 11. h4 Nc5 12. Bxg7 Kxg7 13. h5 Bg4 14. hxg6 fxg6
15. Qh6+ Kh8 16. Qxg6 Bxf3 17. gxf3 Qg7 18. Qxg7+ Kxg7 19. Ke2 Rae8 20. Rag1+
Kh8 21. Rh6 Ng8 22. Bxg8 Rxg8 23. Rxg8+ Kxg8 24. Ke3 Ne6 25. Ne2 Kg7 26. Rh5
Nc5 27. b3 h6 28. Ng3 Kg6 29. Rf5 Nd7 30. f4 Re6 31. fxe5 Nxe5 32. f3 Nf7 33.
Nh5 Re7 34. Nf4+ Kg7 35. Ne2 Nd6 36. Ng3 Kg6 37. Rh5 b6 38. f4 Nf7 39. e5 Re8
40. Kf3 Kg7 41. Nf5+ Kh7 42. Rh1 Kg6 43. Ke4 Rf8 44. Rg1+ 1-0

[Event "4NCL/Div2/BRI2-TWR"]
[Site "Rd1-Birmingham"]
[Date "1999.10.09"]
[Round "1.7"]
[White "Humphreys, Jerry"]
[Black "Jones, Rupert"]
[Result "1-0"]
[WhiteElo "2125"]
[BlackElo "1776"]
[PlyCount "51"]
[EventDate "1999.10.09"]

1. e4 d5 2. exd5 Nf6 3. d4 Bg4 4. Be2 Bxe2 5. Nxe2 Qxd5 6. O-O Nc6 7. Bf4 O-O-O
8. c3 e5 9. Bg5 exd4 10. Bxf6 gxf6 11. cxd4 Rg8 12. Ng3 Nxd4 13. Nc3 Qc6 14.
Qd3 f5 15. f3 Bc5 16. Kh1 Rxg3 17. Rac1 Qg6 18. Ne2 Nxe2 19. Qxe2 Bb6 20. Rfd1
Rg8 21. Qe7 Qg5 22. Qd7+ Kb8 23. f4 Qf6 24. Rc2 R3g6 25. Re2 Rc8 26. Qxc8+ 1-0

[Event "4NCL/Div2/BRI2-TWR"]
[Site "Rd1-Birmingham"]
[Date "1999.10.09"]
[Round "1.8"]
[White "Barnes, Lara"]
[Black "Alston, Joanne"]
[Result "1-0"]
[WhiteElo "1640"]
[BlackElo "1800"]
[PlyCount "65"]
[EventDate "1999.10.09"]

1. e4 c5 2. Nc3 Nc6 3. f4 g6 4. Nf3 Bg7 5. Bb5 Nd4 6. O-O e6 7. Nxd4 cxd4 8.
Ne2 a6 9. Bd3 f5 10. c3 dxc3 11. dxc3 b5 12. Be3 Bb7 13. Ng3 Ne7 14. Qe1 O-O
15. Rd1 Qc7 16. Rf2 h5 17. h4 Bf6 18. e5 Bxh4 19. Rfd2 Nd5 20. Bf1 g5 21. Bf2
Bxg3 22. Bxg3 gxf4 23. Bxf4 Rf7 24. Bh6 Kh7 25. Bg5 Rg7 26. Bf6 Rg6 27. Qh4
Nxf6 28. exf6 Qb6+ 29. Kh2 Bf3 30. Rxd7+ Kg8 31. f7+ Kf8 32. Rd8+ Kg7 33. f8=Q+
1-0

[Event "4NCL/Div2/GWE-3Cs"]
[Site "Rd1-Birmingham"]
[Date "1999.10.09"]
[Round "1.1"]
[White "Varley, Peter"]
[Black "Longson, Alex"]
[Result "1/2-1/2"]
[WhiteElo "2240"]
[BlackElo "2169"]
[PlyCount "121"]
[EventDate "1999.10.09"]
[Source "Britbase"]
[SourceDate "2000.01.01"]

1. e4 c5 2. c3 Nf6 3. e5 Nd5 4. d4 cxd4 5. cxd4 e6 6. Nc3 d6 7. Nxd5 exd5 8.
Nf3 Nc6 9. Bd3 Bg4 10. O-O Be7 11. Re1 O-O 12. Bb1 dxe5 13. dxe5 Bb4 14. Bd2
Bxd2 15. Qxd2 Bxf3 16. gxf3 Qh4 17. Qxd5 Rad8 18. Qe4 Qh6 19. Bc2 Rd4 20. Qe3
Qxe3 21. Rxe3 Re8 22. Be4 Rd2 23. Bxc6 bxc6 24. b3 g5 25. a4 Kg7 26. Rc1 Re6
27. Rc5 Kg6 28. Ra5 Rd7 29. Kg2 Rb7 30. Kg3 Kf5 31. Rc5 Rb4 32. Kg2 h5 33. Kf1
Rh4 34. Ra5 Rxh2 35. Rxa7 Rxe5 36. Rxf7+ Ke6 37. Re7+ Kxe7 38. Rxe5+ Kd6 39.
Rxg5 Rh1+ 40. Rg1 Rh4 41. Ke2 Rb4 42. Rd1+ Ke5 43. Rd3 h4 44. Kf1 c5 45. Kg2 c4
46. Re3+ Kf5 47. bxc4 Rxa4 48. Rc3 Ra6 49. c5 Rc6 50. Rc4 Kf6 51. Kh3 Kg5 52.
f4+ Kh5 53. f3 Kg6 54. Kxh4 Kf5 55. Kg3 Rc8 56. c6 Rxc6 57. Re4 Rg6+ 58. Kf2
Ra6 59. Rb4 Rc6 60. Ra4 Rb6 61. Rc4 1/2-1/2

[Event "4NCL/Div2/GWE-3Cs"]
[Site "Rd1-Birmingham"]
[Date "1999.10.09"]
[Round "1.2"]
[White "Burgess, Jon"]
[Black "Powell, J Lloyd"]
[Result "1/2-1/2"]
[WhiteElo "2145"]
[BlackElo "2152"]
[PlyCount "56"]
[EventDate "1999.10.09"]
[Source "Britbase"]
[SourceDate "2000.01.01"]

1. e4 c5 2. Nc3 d6 3. f4 Nc6 4. Nf3 Nf6 5. Bb5 e6 6. O-O Be7 7. d3 Qc7 8. f5
O-O 9. Bxc6 Qxc6 10. Bg5 Re8 11. Rb1 Bd7 12. e5 dxe5 13. Nxe5 Qd6 14. Nxd7 Qxd7
15. fxe6 Qxe6 16. Qf3 Qg4 17. Bxf6 Qxf3 18. Rxf3 Bxf6 19. Ne4 Be5 20. c3 b6 21.
g3 Rad8 22. Kg2 Rd7 23. a4 Red8 24. Rd1 f6 25. Kf2 Re8 26. Nd2 Rde7 27. Nc4 h5
28. Re3 Kf7 1/2-1/2

[Event "4NCL/Div2/GWE-3Cs"]
[Site "Rd1-Birmingham"]
[Date "1999.10.09"]
[Round "1.3"]
[White "Saunders, W Nigel"]
[Black "Adams, Phil"]
[Result "1-0"]
[WhiteElo "2150"]
[BlackElo "2072"]
[PlyCount "95"]
[EventDate "1999.10.09"]
[Source "Britbase"]
[SourceDate "2000.01.01"]

1. Nf3 c5 2. c4 g6 3. Nc3 Bg7 4. g3 Nc6 5. Bg2 e5 6. O-O Nge7 7. e4 d6 8. h3
O-O 9. d3 f5 10. exf5 Nxf5 11. Ng5 Kh8 12. Kh2 h6 13. Nge4 Be6 14. Rb1 Qd7 15.
a3 Rf7 16. b4 cxb4 17. axb4 a5 18. bxa5 Rxa5 19. Nb5 Ncd4 20. Bd2 Ra6 21. Nxd4
Nxd4 22. Nc3 Qc8 23. Nd5 Ra2 24. Be3 Nf5 25. Bb6 Nd4 26. Bxd4 exd4 27. Nf4 Bf5
28. Bd5 Re7 29. c5 Ra6 30. Bc4 Rc6 31. Nd5 Re8 32. Nb6 Qd8 33. Bb5 Rxb6 34.
cxb6 Re5 35. Bc4 Bd7 36. Re1 Rh5 37. Be6 Bc6 38. Bg4 Rg5 39. f4 Rc5 40. Rb2 Rc3
41. Bf3 g5 42. Bxc6 Rxc6 43. Qh5 Kh7 44. fxg5 Rxb6 45. Rxb6 Qxb6 46. g6+ Kg8
47. Re8+ Bf8 48. Qd5+ 1-0

[Event "4NCL/Div2/GWE-3Cs"]
[Site "Rd1-Birmingham"]
[Date "1999.10.09"]
[Round "1.4"]
[White "Walton, Alan"]
[Black "Walden-Jones, Andrew"]
[Result "1-0"]
[WhiteElo "1928"]
[BlackElo "2159"]
[PlyCount "51"]
[EventDate "1999.10.09"]
[Source "Britbase"]
[SourceDate "2000.01.01"]

1. d4 Nf6 2. Bg5 Ne4 3. Bf4 d5 4. f3 Nf6 5. e4 dxe4 6. Nc3 exf3 7. Nxf3 e6 8.
Bc4 c6 9. Qe2 Be7 10. O-O-O b5 11. Bb3 a5 12. d5 Nxd5 13. Bxd5 exd5 14. Rhe1
Na6 15. Nxd5 cxd5 16. Rxd5 O-O 17. Rxd8 Bxd8 18. Bd6 Be6 19. Bxf8 Kxf8 20. Qxb5
Nc7 21. Qc5+ Kg8 22. Rd1 Bd5 23. Rxd5 Nxd5 24. Qxd5 Rb8 25. c4 Bf6 26. Ne5 1-0

[Event "4NCL/Div2/GWE-3Cs"]
[Site "Rd1-Birmingham"]
[Date "1999.10.09"]
[Round "1.5"]
[White "Miles, Richard"]
[Black "Gordon, Stephen"]
[Result "1/2-1/2"]
[WhiteElo "2072"]
[BlackElo "1912"]
[PlyCount "115"]
[EventDate "1999.10.09"]
[Source "Britbase"]
[SourceDate "2000.01.01"]

1. d4 Nf6 2. Nf3 e6 3. c4 Bb4+ 4. Bd2 Bxd2+ 5. Nbxd2 d5 6. e3 O-O 7. Rc1 Nbd7
8. Be2 c6 9. O-O Re8 10. Qc2 e5 11. dxe5 Nxe5 12. cxd5 Nxd5 13. Nxe5 Rxe5 14.
Nf3 Re8 15. a3 Qe7 16. Bd3 h6 17. b4 Bd7 18. Nd4 Rac8 19. Nf5 Qe5 20. Rfe1 Bxf5
21. Bxf5 Rcd8 22. Bd3 Qe7 23. Qb3 Qd6 24. Bc4 Qf6 25. b5 Nb6 26. bxc6 bxc6 27.
Be2 Re7 28. Bf3 Rc7 29. a4 Nd7 30. Qc3 Ne5 31. Be2 c5 32. f4 Nd7 33. Red1 Qe7
34. Bf3 Rb8 35. Rb1 Re8 36. e4 c4 37. Rb5 Nc5 38. Qa5 a6 39. Rb2 Nd3 40. Rc2
Nxf4 41. Qxa6 Qc5+ 42. Kh1 Rb8 43. Qd6 Qxd6 44. Rxd6 Ra8 45. g3 Ne6 46. Bg4 Ng5
47. Rd4 Rxa4 48. Kg2 Ne6 49. Bxe6 fxe6 50. e5 Ra5 51. Rdxc4 Rxc4 52. Rxc4 Rxe5
53. Rc7 Rf5 54. g4 Rf6 55. h4 Kf8 56. Kg3 Rf7 57. Rc5 Ke7 58. Ra5 1/2-1/2

[Event "4NCL/Div2/GWE-3Cs"]
[Site "Rd1-Birmingham"]
[Date "1999.10.09"]
[Round "1.6"]
[White "Ashton, Adam"]
[Black "Fletcher, John"]
[Result "1-0"]
[WhiteElo "1840"]
[BlackElo "2100"]
[PlyCount "109"]
[EventDate "1999.10.09"]
[Source "Britbase"]
[SourceDate "2000.01.01"]

1. e4 c5 2. Nf3 Nc6 3. Bb5 Nd4 4. Nxd4 cxd4 5. O-O Nf6 6. d3 e6 7. Ba4 Be7 8.
Nd2 O-O 9. f4 d6 10. Nf3 Qb6 11. Bb3 Bd7 12. Qe2 a5 13. a4 Qc5 14. Kh1 Bd8 15.
Qf2 Bb6 16. h3 Bc6 17. Bd2 Qh5 18. Rae1 Nd7 19. Qg3 Nc5 20. f5 Nxb3 21. cxb3
exf5 22. Nh4 f6 23. Nxf5 g5 24. Ne7+ Kg7 25. Nxc6 bxc6 26. Qxd6 Rac8 27. e5 f5
28. Qe7+ Rf7 29. Qxg5+ Qxg5 30. Bxg5 Kg6 31. Bd2 Re7 32. b4 Ra8 33. Rc1 Re6 34.
bxa5 Bxa5 35. Bxa5 Rxa5 36. Rc4 Raxe5 37. Rxd4 Re2 38. Rdf4 Rxb2 39. R4f2 Ree2
40. Rxe2 Rxe2 41. Ra1 Re7 42. a5 Ra7 43. a6 Kf6 44. Kg1 Ke5 45. Ra4 Kd5 46. Kf2
Kc5 47. Kf3 Kb5 48. Ra1 Kb4 49. Kf4 Kc3 50. Rc1+ Kxd3 51. Rxc6 Rg7 52. Rc5 Rxg2
53. Ra5 Rg8 54. a7 Ra8 55. Kxf5 1-0

[Event "4NCL/Div2/GWE-3Cs"]
[Site "Rd1-Birmingham"]
[Date "1999.10.09"]
[Round "1.7"]
[White "Blackburn, Jonathan"]
[Black "Taylor, Robert"]
[Result "1-0"]
[WhiteElo "1981"]
[BlackElo "1912"]
[PlyCount "133"]
[EventDate "1999.10.09"]
[Source "Britbase"]
[SourceDate "2000.01.01"]

1. d4 Nf6 2. c4 g6 3. Nc3 Bg7 4. e4 d6 5. f3 O-O 6. Be3 Nc6 7. Nge2 Re8 8. Qd2
Rb8 9. Nc1 e5 10. Nb3 exd4 11. Nxd4 Ne5 12. Be2 a6 13. Rd1 Bd7 14. O-O Nc6 15.
a4 Nxd4 16. Bxd4 Qe7 17. c5 Be6 18. cxd6 cxd6 19. b4 Rbd8 20. b5 d5 21. e5 Nd7
22. f4 a5 23. Bf3 Nc5 24. Qe3 Nb3 25. Nxd5 Rxd5 26. Bxd5 Bxd5 27. Bb6 Qe6 28.
Rd3 Bf8 29. Rb1 Rc8 30. Rdxb3 Bxb3 31. Rxb3 Bb4 32. Bd4 Bd2 33. Qf3 Rc1+ 34.
Kf2 Qc4 35. Qd3 Bxf4 36. Qxc4 Rxc4 37. Rd3 Rxa4 38. Bc3 Bg5 39. Rd7 Ra3 40. Rc7
Kf8 41. Bd4 Ra2+ 42. Kf3 b6 43. Bxb6 Ke8 44. Ra7 a4 45. Bc5 Rb2 46. b6 Bd8 47.
b7 Bc7 48. Bd6 Kd8 49. Ra8+ Kd7 50. b8=Q Bxb8 51. Rxb8 a3 52. Ra8 a2 53. Ra6
Rc2 54. g4 f6 55. Ke4 Rg2 56. Kd5 Rd2+ 57. Kc4 Re2 58. Kd3 Rg2 59. h3 h5 60.
gxh5 gxh5 61. Ke4 Re2+ 62. Kf5 Rf2+ 63. Kg6 fxe5 64. Bxe5 Ke7 65. Bd4 Rh2 66.
h4 Kd7 67. Kxh5 1-0

[Event "4NCL/Div2/GWE-3Cs"]
[Site "Rd1-Birmingham"]
[Date "1999.10.09"]
[Round "1.8"]
[White "Roberts, Elizabeth"]
[Black "Blackburn, Suzie"]
[Result "1-0"]
[WhiteElo "1208"]
[BlackElo "1492"]
[PlyCount "45"]
[EventDate "1999.10.09"]
[Source "Britbase"]
[SourceDate "2000.01.01"]

1. e4 e5 2. Nc3 Nc6 3. Nf3 Bc5 4. Nxe5 Nxe5 5. d4 Bxd4 6. Qxd4 Qf6 7. Be3 Nc6
8. Qd2 Qg6 9. Nd5 Kd8 10. Nc3 Nf6 11. Bg5 h6 12. Bh4 Re8 13. O-O-O d6 14. f3
Bd7 15. Nd5 Be6 16. Nxc7 Kxc7 17. Qxd6+ Kc8 18. Bb5 Rd8 19. Qc5 Nd7 20. Qc3 f6
21. Bxc6 bxc6 22. Qxc6+ Kb8 23. Bg3+ 1-0